[Event "Topalov-Laznicka m 2013"]
[Site "Novy Bor CZE"]
[Date "2013.09.25"]
[Round "6"]
[White "Laznicka, V"]
[Black "Topalov, V"]
[Result "0-1"]
[WhiteElo "2677"]
[BlackElo "2769"]
[EventDate "2013.09.19"]

1. c4 e6 2. Nc3 d5 3. d4 Be7 4. cxd5 exd5 5. Bf4 c6 6. e3 Bf5 7. g4 Be6 8.
 Bd3 Nd7 9. Bf5 Bxf5 10. gxf5 Bb4 11. Ne2 Ne7 12. Qc2 Nb6 13. f3 g6 14. 
fxg6 Nxg6 15. O-O-O Qe7 16. Rd3 Nc4 17. b3 Na3 18. Qb2 Nxf4 19. Nxf4 Rg8 
20. Qf2 O-O-O 21. Kb2 Kb8 22. Nb1 Rde8 23. Nxa3 Bxa3+ 24. Kb1 Bd6 25. Ne2 
Qe6 26. Nc3 Qf5 27. Rd1 Rg6 28. Rd2 Qh3 29. f4 Qf5 30. Ne2 h5 31. Ng3 Qg4 
32. Qe2 h4 33. Qxg4 Rxg4 34. Nf5 Bb4 35. h3 Rg6 36. Re2 Rh8 37. e4 Rf6 38.
 Ng7 Rg8 0-1

[Event "Zonal 3.4 2013"]
[Site "Osh KGZ"]
[Date "2013.06.12"]
[Round "6"]
[White "Filippov, An UZB"]
[Black "Kazhgaleyev, M"]
[Result "1/2-1/2"]
[WhiteElo "2644"]
[BlackElo "2597"]
[EventDate "2013.06.07"]

1. c4 e6 2. d4 d5 3. Nc3 Nf6 4. cxd5 exd5 5. Bg5 c6 6. Qc2 Be7 7. e3 Nbd7 
8. Bd3 Nh5 9. Bxe7 Qxe7 10. O-O-O Nb6 11. Kb1 g6 12. h3 Be6 13. Nf3 O-O-O 
14. Ka1 Kb8 15. Rc1 Ng7 16. Na4 Bf5 17. Nc5 Bxd3 18. Qxd3 Ne6 19. Qa3 Nxc5
20. Qxc5 Rhe8 21. Qxe7 Rxe7 22. b3 Nc8 23. Ne5 f6 24. Nd3 Nd6 25. Kb2 a6 
26. Rc2 Ne4 27. Nc5 Nxc5 28. Rxc5 f5 29. g3 Rd6 30. h4 h6 31. b4 1/2-1/2

[Event "ch-SRB 2013"]
[Site "Vrnjacka Banja SRB"]
[Date "2013.04.15"]
[Round "1.3"]
[White "Miladinovic, I"]
[Black "Savic, Miod1"]
[Result "1/2-1/2"]
[WhiteElo "2569"]
[BlackElo "2539"]
[EventDate "2013.04.15"]

1. d4 d5 2. c4 e6 3. Nc3 Nf6 4. cxd5 exd5 5. Bg5 c6 6. e3 Bf5 7. Qf3 Bg6 
8. Bxf6 Qxf6 9. Qxf6 gxf6 10. Nge2 Bd6 11. g3 Nd7 12. Nf4 O-O-O 13. Kd2 
Rhg8 14. h4 Bxf4 15. gxf4 Bh5 16. Bh3 Bg4 17. Ne2 f5 18. Ng3 Nf6 19. Bxg4 
fxg4 20. Ke2 1/2-1/2

[Event "73rd ch-GEO 2014"]
[Site "Tbilisi GEO"]
[Date "2014.02.06"]
[Round "11.1"]
[White "Pantsulaia, L"]
[Black "Jojua, D"]
[Result "1/2-1/2"]
[WhiteElo "2614"]
[BlackElo "2565"]
[EventDate "2014.01.26"]

1. d4 d5 2. c4 e6 3. Nc3 Be7 4. Nf3 Nf6 5. cxd5 exd5 6. Bg5 c6 7. e3 Bf5 
8. Bd3 Bxd3 9. Qxd3 Nbd7 10. O-O O-O 1/2-1/2

[Event "8th ch-SRB 2014"]
[Site "Subotica SRB"]
[Date "2014.04.13"]
[Round "7.3"]
[White "Indjic, A"]
[Black "Sedlak, N"]
[Result "1/2-1/2"]
[WhiteElo "2523"]
[BlackElo "2568"]
[EventDate "2014.04.07"]

1. d4 d5 2. c4 c6 3. Nf3 Nf6 4. Nc3 e6 5. Bg5 Nbd7 6. cxd5 exd5 7. e3 Be7 
8. Qc2 O-O 9. Bd3 Re8 10. h3 Nf8 11. Bf4 Be6 12. O-O Bd6 13. Bxd6 Qxd6 14.
 Rab1 a5 15. a3 N6d7 16. Rbe1 h6 17. Re2 b5 18. Rfe1 b4 19. axb4 axb4 20. 
Na4 Rec8 21. Rc1 Ra5 22. Nc5 Nxc5 23. dxc5 Qe7 24. Nd4 Nd7 25. Nb3 Ra2 26.
 f4 Nf6 27. Qd2 Rb8 28. Bb1 Raa8 29. Qd4 Bc8 30. e4 Ba6 31. Ree1 dxe4 32. 
Bxe4 Nxe4 33. Rxe4 Qh4 34. Qe3 Qf6 35. Nd4 Rf8 36. Re5 Bc8 37. Rd1 Bd7 38.
 Nf3 Be6 39. Rd6 Rfd8 40. Rxc6 Rd1+ 41. Kh2 Qd8 42. Rexe6 fxe6 43. Qxe6+ 
Kh8 44. Ne5 Qd4 45. Qf7 Qg1+ 46. Kg3 Qe1+ 47. Kg4 Qe4 48. Kh5 Rd5 49. 
Rxh6+ gxh6 50. Qf6+ Kh7 51. Qxh6+ Kg8 52. Qe6+ Kh7 53. Qf7+ Kh8 54. Qf6+ 
Kh7 55. Qf7+ 1/2-1/2

[Event "Bay Area International 2014"]
[Site "Santa Clara USA"]
[Date "2014.01.05"]
[Round "6.6"]
[White "Margvelashvili, G"]
[Black "Wang Chen"]
[Result "1-0"]
[WhiteElo "2555"]
[BlackElo "2507"]
[EventDate "2014.01.02"]

1. d4 d5 2. c4 e6 3. Nf3 Nf6 4. Nc3 Nbd7 5. Bg5 c6 6. cxd5 exd5 7. e3 Be7 
8. Bd3 Nf8 9. Qc2 Ne6 10. Bh4 g6 11. O-O O-O 12. Rab1 Ng7 13. b4 a6 14. a4
Bf5 15. b5 axb5 16. axb5 Bxd3 17. Qxd3 Nf5 18. Bxf6 Bxf6 19. bxc6 bxc6 20.
 Rfc1 Qa5 21. Ne2 Rfc8 22. Rc5 Qa4 23. g3 Be7 24. Rc2 Bd6 25. Kg2 Rcb8 26.
 Nc3 Qa5 27. Rxb8+ Rxb8 28. e4 Ng7 29. exd5 cxd5 30. Ra2 Qd8 31. Ra7 Ne6 
32. Nxd5 Kg7 33. Qe4 Ra8 34. Rb7 Qe8 35. Ne5 Ng5 36. Qe3 Qe6 37. Nf4 Qc8 
38. Rd7 1-0

[Event "Bronstein Mem Open A 2014"]
[Site "Minsk BLR"]
[Date "2014.02.13"]
[Round "3.8"]
[White "Lintchevski, D"]
[Black "Grachev, B"]
[Result "1/2-1/2"]
[WhiteElo "2537"]
[BlackElo "2669"]
[EventDate "2014.02.11"]

1. d4 Nf6 2. c4 e6 3. Nc3 d5 4. cxd5 exd5 5. Bg5 c6 6. e3 Bf5 7. Qf3 Bg6 
8. Bxf6 Qxf6 9. Qxf6 gxf6 10. Nf3 Nd7 11. g3 Nb6 12. Nh4 Be7 13. f4 f5 14.
 Nf3 Nc8 15. Ne5 Nd6 16. Rc1 Bh5 17. Bg2 f6 18. Nd3 Ne4 19. Bh3 Bg6 20. 
Rg1 Kf7 21. Nxe4 fxe4 22. Nc5 Bxc5 23. Rxc5 f5 24. g4 fxg4 25. Bxg4 Kf6 
26. Kf2 Rhg8 27. Rcc1 Bf7 28. Rg3 Rg6 29. Rcg1 a5 30. h4 h6 31. Bh3 Rxg3 
32. Kxg3 Rg8+ 33. Kf2 Rxg1 34. Kxg1 Be6 35. Bf1 b6 36. Kf2 c5 37. Be2 c4 
38. a4 Bh3 39. Bd1 Kg6 40. Ke1 Kf5 41. Bh5 Kf6 42. Kd2 Bd7 43. Bd1 Ke7 44.
 Kc3 Kd6 45. b3 cxb3 46. Kxb3 Ke7 47. Be2 Kf6 48. Ka3 Bh3 49. Kb3 Kf5 50. 
Ka3 Bg4 51. Bb5 Kg6 52. Be8+ Kf6 53. Bc6 Be6 54. Bb5 Bh3 55. Bc6 Ke6 56. 
Bb5 Bg4 57. Kb2 Ke7 58. Kb3 Bh5 59. Ka3 Kf6 60. Bc6 Bf7 61. Bb5 Bh5 62. 
Bc6 Ke6 63. Bb5 Bd1 64. Kb2 Kd6 65. Kc3 Ke7 66. Bc6 Ke6 67. Bb5 Kd6 68. 
Kb2 1/2-1/2

[Event "Bronstein Mem Open A 2014"]
[Site "Minsk BLR"]
[Date "2014.02.17"]
[Round "7.17"]
[White "Romanov, E"]
[Black "Hovhanisian, M"]
[Result "1/2-1/2"]
[WhiteElo "2653"]
[BlackElo "2516"]
[EventDate "2014.02.11"]

1. d4 d5 2. c4 e6 3. Nc3 Nf6 4. cxd5 exd5 5. Bg5 Be7 6. e3 O-O 7. Bd3 c6 
8. Qc2 Nbd7 9. Nf3 Re8 10. h3 Nf8 11. O-O Nh5 12. Bxe7 Qxe7 13. Rae1 Nf6 
14. Ne5 c5 15. f4 a6 16. g4 cxd4 17. exd4 Qd6 18. Qg2 Bd7 19. Kh2 Bc6 20. 
g5 Ne4 21. Bxe4 dxe4 22. d5 Bb5 23. Rf2 Bd3 24. Nxe4 Bxe4 25. Qxe4 Rad8 
26. Rd2 Ng6 27. Qf5 f6 28. Nc4 Qc5 29. Rc1 fxg5 30. b4 Qxb4 31. d6 b5 32. 
a3 Qa4 33. Nb6 Qxf4+ 34. Qxf4 gxf4 35. d7 Rf8 36. Rc8 Ne5 37. Rd5 Nc4 38. 
Nxc4 bxc4 39. Rxc4 g6 40. Kg2 f3+ 41. Kf2 Kg7 42. Rc6 Rf7 43. Rxa6 1/2-1/2

[Event "Bronstein Mem Open A 2014"]
[Site "Minsk BLR"]
[Date "2014.02.19"]
[Round "9.1"]
[White "Jobava, Ba"]
[Black "Shimanov, A"]
[Result "1/2-1/2"]
[WhiteElo "2706"]
[BlackElo "2658"]
[EventDate "2014.02.11"]

1. c4 e6 2. d4 d5 3. Nc3 Nf6 4. Nf3 Be7 5. cxd5 exd5 6. Bg5 c6 7. e3 Bf5 
8. Bd3 Bxd3 9. Qxd3 O-O 10. O-O Nbd7 11. h3 Re8 12. Rfe1 Nf8 13. Rad1 Qd6 
14. Bf4 Qd8 15. Bg5 Qd6 1/2-1/2

[Event "Gibraltar Masters TB 2014"]
[Site "Caleta ENG"]
[Date "2014.02.06"]
[Round "2.1"]
[White "Cheparinov, I"]
[Black "Vitiugov, N"]
[Result "1-0"]
[WhiteElo "2672"]
[BlackElo "2737"]
[EventDate "2014.02.06"]

1. d4 Nf6 2. c4 e6 3. Nf3 d5 4. Nc3 Nbd7 5. cxd5 exd5 6. Bg5 c6 7. e3 Be7 
8. Bd3 Nh5 9. Bxe7 Qxe7 10. O-O O-O 11. Qb1 Nhf6 12. b4 a6 13. a4 Re8 14. 
Nd2 Qd6 15. Re1 Nf8 16. b5 axb5 17. axb5 Rxa1 18. Qxa1 Ne6 19. Nf3 c5 20. 
dxc5 Nxc5 21. Bf1 Bg4 22. Nd4 Ne6 23. h3 Nxd4 24. exd4 Rxe1 25. Qxe1 Be6 
26. Qa1 Qd8 27. Qa7 b6 28. Na4 Nd7 29. Qb7 h5 30. Be2 h4 31. Qc6 Qb8 32. 
Bg4 Bxg4 33. hxg4 Qa7 34. Nc3 Nf6 35. Qc8+ Kh7 36. g5 Ne4 37. Nxe4 dxe4 
38. Qf5+ Kg8 39. Qxe4 Qd7 40. Qe5 h3 41. gxh3 Qxh3 42. Qb8+ Kh7 43. Qh2 
Qxh2+ 44. Kxh2 Kg6 45. f4 f6 46. gxf6 Kxf6 47. Kg3 Ke6 48. Kf3 Kd5 49. Ke3
Kc4 50. Ke4 Kxb5 51. Kd5 Ka4 52. Ke6 b5 53. d5 b4 54. d6 b3 55. d7 b2 56. 
d8=Q b1=Q 57. Qa8+ Kb3 58. Qb7+ 1-0

[Event "TCh-AUT 1st Bundesliga 2013-14"]
[Site "Sankt Veit an der Glan AUT"]
[Date "2014.03.23"]
[Round "11.1"]
[White "Postny, E"]
[Black "Baramidze, D"]
[Result "1/2-1/2"]
[WhiteElo "2633"]
[BlackElo "2605"]
[EventDate "2013.12.06"]

1. d4 d5 2. c4 e6 3. Nc3 Nf6 4. cxd5 exd5 5. Bg5 c6 6. e3 Bf5 7. Qf3 Bg6 
8. Bxf6 Qxf6 9. Qxf6 gxf6 10. O-O-O Nd7 11. Nf3 Be7 12. Bd3 Rg8 13. g3 Bh5
14. Be2 f5 15. Rhg1 Bg4 16. Nh4 Bxe2 17. Nxe2 Bxh4 18. gxh4 Rg4 19. h5 Ke7
20. h3 Rgg8 21. Nf4 h6 22. f3 a5 23. a4 Nf6 24. Kd2 Rg5 25. h4 Rgg8 26. 
Rc1 Kd6 27. Ke2 Rab8 28. b3 Rbc8 29. Kd2 Rb8 30. Ke2 Rbc8 31. Kd2 Rxg1 32.
 Rxg1 Rg8 33. Rxg8 Nxg8 34. Kc3 Nf6 35. Kc2 Ne8 36. Kc3 Ng7 37. Kd3 b6 38.
 Kc3 Ne6 39. Ne2 f4 40. e4 dxe4 41. fxe4 c5 42. d5 f3 43. Ng3 Nd4 44. Kd3 
Nxb3 45. Nf5+ Kd7 46. Nxh6 c4+ 47. Ke3 c3 48. Nxf7 c2 49. Ne5+ Kd6 50. Nd3
Nc5 51. Nc1 Nxe4 52. Kxf3 Nf6 53. h6 Kxd5 54. Ke2 b5 55. axb5 Kc5 56. Kd2 
Kxb5 57. Nd3 Kc6 58. Ne5+ Kd6 59. Nf7+ Ke6 60. Ng5+ Kf5 61. h7 Nxh7 62. 
Nxh7 Kg4 63. Kxc2 Kxh4 1/2-1/2

[Event "TCh-CZE Extraliga 2013-14"]
[Site "Trinec CZE"]
[Date "2014.02.16"]
[Round "8.1"]
[White "Navara, D"]
[Black "Michalik, P"]
[Result "1-0"]
[WhiteElo "2705"]
[BlackElo "2576"]
[EventDate "2013.11.02"]

1. d4 d5 2. c4 c6 3. Nf3 Nf6 4. Nc3 e6 5. Bg5 Nbd7 6. cxd5 exd5 7. e3 Be7 
8. Bd3 Nf8 9. O-O Ne6 10. Bh4 O-O 11. b4 a6 12. a4 a5 13. b5 c5 14. Bc2 
cxd4 15. Nxd4 Nc5 16. Rc1 Bg4 17. f3 Be6 18. Nf5 Rc8 19. Nxe7+ Qxe7 20. f4
Ncd7 21. f5 Rxc3 22. fxe6 Rc4 23. Bxh7+ Kxh7 24. Rxc4 dxc4 25. exd7 Qxd7 
26. Qc2+ Qd3 27. Qxd3+ cxd3 28. Bxf6 gxf6 29. Rxf6 Rd8 30. Rxf7+ Kg6 31. 
Rf1 Kg5 32. g3 Re8 33. Kf2 Rf8+ 34. Kg2 Re8 35. h4+ Kg6 36. Rd1 Rd8 37. 
Kf3 Kf5 38. g4+ Ke5 39. g5 Rf8+ 40. Kg4 Ke4 41. h5 1-0

[Event "TCh-CZE Extraliga 2013-14"]
[Site "Turnov CZE"]
[Date "2014.03.21"]
[Round "9.2"]
[White "Wojtaszek, R"]
[Black "Cyborowski, L"]
[Result "1-0"]
[WhiteElo "2711"]
[BlackElo "2526"]
[EventDate "2013.11.02"]

1. d4 Nf6 2. c4 e6 3. Nc3 d5 4. cxd5 exd5 5. Bg5 c6 6. Qc2 Be7 7. e3 Nbd7 
8. Bd3 Nh5 9. Bxe7 Qxe7 10. Nge2 Nb6 11. O-O g6 12. Rae1 O-O 13. Nc1 Ng7 
14. f3 Ne6 15. Qf2 c5 16. dxc5 Nxc5 17. Bb1 Re8 18. Qd2 Bd7 19. b3 Rac8 
20. Rf2 Qe5 21. Nd1 Bb5 22. Ne2 Bxe2 23. Rfxe2 Nbd7 24. Nf2 Nf6 25. Qb4 b6
26. Rd2 Rc7 27. Qd4 Qxd4 28. Rxd4 Ne6 29. Rd2 Rc3 30. Rd3 Rec8 31. Kf1 Kf8
32. Rxc3 Rxc3 33. Ke2 Ke7 34. Kd2 Rc8 35. Bd3 Kd6 36. Nd1 Nc5 37. Bf1 Ne6 
38. Nc3 Ke7 39. Rc1 Rc7 40. Re1 Rc8 41. Nb5 a5 42. Nc3 Nc5 43. Rb1 Ra8 44.
 b4 Ncd7 45. Bb5 Kd6 46. Be2 Ne8 47. bxa5 Rxa5 48. Bd1 Ke7 49. Rb4 Nc7 50.
 Bb3 Kd6 51. Rd4 Nf6 52. Rf4 Ke7 53. g4 h6 54. h4 g5 55. hxg5 hxg5 56. Rb4
Nd7 57. Rd4 Nf6 58. Ne2 Nd7 59. Ng3 Nc5 60. Nf5+ Ke6 61. Kc2 Nxb3 62. Kxb3
Na6 63. Rd2 Nc5+ 64. Kc3 Nd7 65. Rh2 Ne5 66. Nd4+ Kd7 67. Kb3 Nc4 68. Rh7 
Ra3+ 69. Kb4 Ke8 70. Rg7 Rxa2 71. Rxg5 Kf8 72. e4 Ne3 73. exd5 Ra5 74. Nb5
Nc2+ 75. Kc3 Rxb5 76. Kxc2 Rb4 77. Kd3 Ke7 78. Re5+ Kd6 79. Rf5 Ke7 80. g5
Rb1 81. d6+ Kxd6 82. Rxf7 b5 83. f4 Ke6 84. g6 Rg1 85. f5+ Ke5 86. g7 1-0

[Event "TCh-HUN 2013-14"]
[Site "Paks HUN"]
[Date "2014.02.16"]
[Round "5"]
[White "Sedlak, N"]
[Black "Perunovic, Mil"]
[Result "1/2-1/2"]
[WhiteElo "2581"]
[BlackElo "2618"]
[EventDate "2013.09.08"]

1. d4 d5 2. Bf4 Nf6 3. e3 c5 4. c3 Nc6 5. Nd2 cxd4 6. exd4 Bf5 7. Ngf3 e6 
8. Qb3 Qc8 9. Nh4 Be4 10. Nxe4 dxe4 11. g3 Be7 12. Ng2 O-O 13. Be2 Nd5 14.
 Bd2 Qd7 15. f3 exf3 16. Bxf3 Na5 17. Qc2 Nc4 18. O-O 1/2-1/2

[Event "ch-CRO 2014"]
[Site "Porec CRO"]
[Date "2014.02.09"]
[Round "7.2"]
[White "Martinovic, Sa"]
[Black "Saric, A"]
[Result "1-0"]
[WhiteElo "2537"]
[BlackElo "2545"]
[EventDate "2014.02.03"]

1. d4 Nf6 2. c4 e6 3. Nc3 Bb4 4. e3 O-O 5. Bd3 d5 6. cxd5 exd5 7. Ne2 Re8 
8. Bd2 Bd6 9. Rc1 c6 10. Qc2 Nbd7 11. O-O Nf8 12. f3 Bc7 13. b4 a6 14. Rf2
Ne6 15. h3 Qd6 16. f4 h5 17. Rf3 g6 18. Ng3 Qd8 19. Rcf1 Ng7 20. f5 g5 21.
 e4 g4 22. hxg4 hxg4 23. Rf4 dxe4 24. Ncxe4 Nxe4 25. Bxe4 Qxd4+ 26. Kh1 
Qf6 27. Rxg4 Bxg3 28. Bg5 Qd6 29. Rd1 Qxb4 30. Bf6 Be5 31. Bxe5 Rxe5 32. 
Rd8+ Qf8 33. Rxg7+ Kxg7 34. f6+ 1-0

[Event "ch-CRO 2014"]
[Site "Porec CRO"]
[Date "2014.02.11"]
[Round "9.1"]
[White "Martinovic, Sa"]
[Black "Bosiocic, Mari"]
[Result "1/2-1/2"]
[WhiteElo "2537"]
[BlackElo "2548"]
[EventDate "2014.02.03"]

1. d4 d5 2. c4 c6 3. Nf3 Nf6 4. Nc3 e6 5. Bg5 Nbd7 6. cxd5 exd5 7. e3 Be7 
8. Bd3 O-O 9. Qc2 Re8 10. O-O Nf8 11. h3 Ne4 12. Bxe7 Qxe7 13. Bxe4 dxe4 
14. Nd2 f5 15. Rae1 Be6 16. f3 exf3 17. Nxf3 1/2-1/2

[Event "Sydney Open 2014"]
[Site "Sydney AUS"]
[Date "2014.04.27"]
[Round "9.3"]
[White "Van Wely, L"]
[Black "Melkumyan, H"]
[Result "1-0"]
[WhiteElo "2685"]
[BlackElo "2633"]
[EventDate "2014.04.23"]

1. Nf3 Nf6 2. c4 e6 3. Nc3 d5 4. d4 Be7 5. Bg5 Nbd7 6. cxd5 exd5 7. e3 c6 
8. Qc2 O-O 9. Bd3 Re8 10. h3 Nf8 11. Bf4 Ng6 12. Bh2 Bd6 13. Bxd6 Qxd6 14.
 O-O-O b5 15. g4 Rb8 16. Kb1 Bd7 17. Rc1 Re7 18. g5 b4 19. Na4 Ne4 20. 
Bxe4 Rxe4 21. Nc5 b3 22. Nxb3 Bf5 23. Ka1 Qd8 24. Nc5 Qb6 25. b3 Re5 26. 
Qc3 Ree8 27. h4 Bg4 28. Ne1 Qd8 29. Ned3 Bh5 30. Rce1 Qc8 31. f4 Qf5 32. 
Ne5 Rbc8 33. Nb7 Qe6 34. Qc5 Rc7 35. f5 Qxf5 36. Nd6 Qe6 37. Nxe8 Qxe8 38.
 Qd6 Rc8 39. Nxg6 hxg6 40. Qf4 Qe6 41. e4 Rf8 42. exd5 Qxd5 43. Rhf1 Qd7 
44. Re4 Kh7 45. Kb2 Qh3 46. Rf2 Qd7 47. Qe3 Qd6 48. Re7 f5 49. Qe5 Qxe5 
50. dxe5 f4 51. Rxa7 f3 52. Ra4 Kg8 53. e6 Rb8 54. Rf4 Re8 55. Re4 Kf8 56.
 e7+ Rxe7 57. Rxe7 Kxe7 58. Kc3 Kd6 59. Kd4 Bg4 60. Ke4 Kc5 61. Kf4 Bh5 
62. Ke3 Kb4 63. Rc2 c5 64. Rc4+ 1-0

[Event "Nakhchivan Open 2014"]
[Site "Nakhchivan AZE"]
[Date "2014.05.07"]
[Round "4.1"]
[White "Korobov, A"]
[Black "Shimanov, A"]
[Result "1/2-1/2"]
[WhiteElo "2696"]
[BlackElo "2636"]
[EventDate "2014.05.04"]

1. d4 d5 2. c4 e6 3. Nc3 Nf6 4. cxd5 exd5 5. Bg5 c6 6. Qc2 Be7 7. e3 Nbd7 
8. Bd3 Nh5 9. Bxe7 Qxe7 10. Nge2 g6 11. O-O O-O 12. Rae1 Ndf6 13. Nc1 Ng7 
14. f3 c5 15. dxc5 Qxc5 16. Nb3 Qb6 17. Qf2 Bd7 18. g4 Bc6 19. h4 Ne6 20. 
Nd4 Rae8 21. h5 Nxd4 22. exd4 Rxe1 23. Rxe1 Re8 24. Rxe8+ Nxe8 25. h6 Qc7 
26. Qh2 Qxh2+ 27. Kxh2 f6 28. b4 Nc7 29. Kg3 Be8 30. f4 Kf7 31. Kf3 Ke7 
32. Ke3 Bf7 33. Ne2 Ne8 34. Ng1 Nd6 35. Nf3 Be6 36. g5 Nf7 37. Bc2 Bg4 38.
 Bb3 Bxf3 39. Kxf3 Ke6 40. Kg4 Nd6 41. Bc2 f5+ 1/2-1/2

[Event "Mitropa Cup 2014"]
[Site "Ruzomberok SVK"]
[Date "2014.05.27"]
[Round "5.5"]
[White "Zilka, S"]
[Black "Baramidze, D"]
[Result "0-1"]
[WhiteElo "2549"]
[BlackElo "2619"]
[EventDate "2014.05.23"]

1. d4 d5 2. c4 e6 3. Nc3 Nf6 4. cxd5 exd5 5. Bg5 c6 6. e3 Bf5 7. Qf3 Bg6 
8. Bxf6 Qxf6 9. Qxf6 gxf6 10. h4 h5 11. Nge2 Bd6 12. g3 Nd7 13. Nf4 Nb6 
14. O-O-O Bxf4 15. gxf4 Nc8 16. Bh3 Nd6 17. f3 Kf8 18. b3 Re8 19. Kd2 Bf5 
20. Ke2 Rg8 21. Kf2 Bxh3 22. Rxh3 Rg6 23. Ne2 Nf5 24. Rd3 a5 25. Ng3 Nxg3 
26. Rxg3 Rxg3 27. Kxg3 f5 28. Kf2 Ke7 29. Rd1 Rg8 30. Rg1 Rxg1 31. Kxg1 a4
32. b4 a3 33. Kf2 Kd6 34. Ke2 Kc7 35. Kd3 Kb6 36. Kc3 Ka6 37. Kc2 Kb6 38. 
Kc3 Kb5 39. Kb3 f6 40. Kxa3 Kc4 41. Ka4 Kd3 42. Ka5 Kxe3 43. Kb6 Kxd4 44. 
Kxb7 c5 0-1

[Event "HUN-POL Friendly Match m 2014"]
[Site "Budapest HUN"]
[Date "2014.06.09"]
[Round "2.1"]
[White "Berkes, F"]
[Black "Duda, J"]
[Result "1-0"]
[WhiteElo "2665"]
[BlackElo "2587"]
[EventDate "2014.06.08"]

1. d4 Nf6 2. c4 e6 3. Nf3 d5 4. Nc3 c6 5. Bg5 Nbd7 6. cxd5 exd5 7. e3 Be7 
8. Bd3 Ne4 9. Bf4 Ndf6 10. Qc2 O-O 11. O-O Nd6 12. h3 g6 13. Rac1 Nh5 14. 
Be5 Ng7 15. Qb3 Qb6 16. Nd2 Bf5 17. Be2 Rae8 18. Rfd1 Nc8 19. Na4 Qxb3 20.
 Nxb3 f6 21. Bh2 Bd6 22. Nbc5 Bxh2+ 23. Kxh2 Nd6 24. Nc3 Bc8 25. b4 Ne6 
26. g3 Rf7 27. a4 Nxc5 28. bxc5 Ne4 29. Nxe4 dxe4 30. a5 a6 31. d5 cxd5 
32. Rxd5 Kg7 33. Rd6 Re5 34. c6 Rxa5 35. Rd8 Be6 36. Re8 bxc6 37. Rxe6 Ra2
38. Re1 Rd7 39. Kg1 Rdd2 40. Kf1 f5 41. g4 Rdc2 42. g5 Kf7 43. Rd6 Ke7 44.
 Rdd1 c5 45. Rc1 c4 46. Rxc2 Rxc2 47. Ra1 c3 48. Ke1 Kd6 49. Bd1 Rb2 50. 
Rc1 h6 51. gxh6 Rb7 52. Ra1 Kd5 53. Rxa6 Rb1 54. Ra2 Rb7 55. h4 f4 56. 
Ra5+ Kc4 57. Ra4+ Kd3 58. Rd4# 1-0

[Event "Grand Europe Cup 2014"]
[Site "Golden Sands BUL"]
[Date "2014.06.14"]
[Round "5.8"]
[White "Chatalbashev, B"]
[Black "Can, E"]
[Result "1-0"]
[WhiteElo "2540"]
[BlackElo "2519"]
[EventDate "2014.06.10"]

1. d4 Nf6 2. c4 e6 3. Nc3 d5 4. cxd5 exd5 5. Bg5 Be7 6. e3 Nbd7 7. Bd3 c6 
8. Qc2 O-O 9. Nf3 Re8 10. O-O Nf8 11. h3 Be6 12. Rab1 Rc8 13. b4 a6 14. 
Rfc1 Nh5 15. Bxe7 Rxe7 16. Na4 Nf6 17. Nc5 Rcc7 18. a4 Ne8 19. b5 cxb5 20.
 axb5 b6 21. Nxe6 fxe6 22. Qb3 Rxc1+ 23. Rxc1 a5 24. Ne5 Rc7 25. Rc6 Rxc6 
26. bxc6 Nd6 27. f4 Nf7 28. f5 Nxe5 29. dxe5 Qc7 30. fxe6 Qxe5 31. e4 Qd4+
32. Kh1 Qa1+ 33. Qb1 Qxb1+ 34. Bxb1 Nxe6 35. exd5 Kf7 36. d6 Ke8 37. Bf5 
1-0

[Event "FIDE World Rapid 2014"]
[Site "Dubai UAE"]
[Date "2014.06.16"]
[Round "4.39"]
[White "Gundavaa, B"]
[Black "Sargissian, G"]
[Result "1/2-1/2"]
[WhiteElo "2501"]
[BlackElo "2686"]
[EventDate "2014.06.16"]

1. d4 Nf6 2. c4 e6 3. Nc3 d5 4. cxd5 exd5 5. Bg5 c6 6. Qc2 Be7 7. e3 Nbd7 
8. h3 Nh5 9. Bxe7 Qxe7 10. Nf3 Nb6 11. O-O-O Be6 12. Bd3 O-O-O 13. Kb1 Kb8
14. Na4 Nf6 15. Ne5 Nfd7 16. Nxd7+ Nxd7 17. Rc1 Rc8 18. Qb3 Rc7 19. Rc2 
Qf6 20. Rd1 Bf5 21. Bxf5 Qxf5 22. Qd3 Qxd3 23. Rxd3 g5 24. b4 a6 25. Nc5 
Nb6 26. f3 Re7 27. e4 f6 28. a4 Rd8 29. a5 dxe4 30. fxe4 Nd7 31. Re2 Rde8 
32. Rde3 Rd8 33. Rd3 Rde8 34. Rde3 Rd8 35. Rd3 Rde8 36. Nxd7+ Rxd7 37. Kc2
Rde7 38. Rde3 f5 39. e5 Kc7 40. Rf2 Rf8 41. Ref3 Ref7 42. e6 Rf6 43. e7 
Re8 44. Rxf5 Rd6 45. Kc3 g4 46. hxg4 Rxe7 47. Rf7 Rdd7 48. Rxe7 Rxe7 49. 
Kc4 Rg7 50. Kc5 h5 51. gxh5 Rg5+ 52. Kc4 Rxh5 53. Rf7+ Kd6 54. Rxb7 Rg5 
55. Rb6 Rxg2 56. Rxa6 Rc2+ 57. Kd3 Rb2 58. Kc3 Rb1 59. Ra7 Rc1+ 60. Kb3 
Rb1+ 61. Ka3 Ra1+ 62. Kb2 Rd1 63. Kc3 Rc1+ 64. Kb3 Rb1+ 65. Kc4 Rc1+ 66. 
Kd3 Rd1+ 67. Ke3 Rb1 68. Rb7 Kd5 69. a6 Rb3+ 70. Kd2 Kxd4 71. Kc2 Ra3 72. 
Kb2 Rxa6 1/2-1/2

[Event "FIDE World Rapid 2014"]
[Site "Dubai UAE"]
[Date "2014.06.17"]
[Round "8.28"]
[White "Sandipan, C"]
[Black "Kasimdzhanov, R"]
[Result "1/2-1/2"]
[WhiteElo "2594"]
[BlackElo "2700"]
[EventDate "2014.06.16"]

1. d4 d5 2. Bf4 Nf6 3. e3 c5 4. c3 cxd4 5. exd4 Nc6 6. Nd2 Bf5 7. Ngf3 e6 
8. Qb3 Qc8 9. Nh4 Be4 10. Nxe4 Nxe4 11. Nf3 Bd6 12. Bxd6 Nxd6 13. Bd3 Qc7 
14. O-O O-O 15. Qc2 g6 16. Rfe1 b5 17. Qd2 Kg7 18. Ne5 Nxe5 19. Rxe5 Rab8 
20. h4 Qd8 21. h5 Qf6 22. Rae1 Nc4 23. Bxc4 bxc4 24. R1e3 Rb6 25. Rf3 Qe7 
26. Rh3 Rh8 27. Qe2 Rhb8 28. Qe3 Qf6 29. Rf3 Qh4 30. Rh3 Qf6 31. Rf3 Qh4 
32. Rh3 Qf6 33. Rf3 Qh4 1/2-1/2

[Event "FIDE World Blitz 2014"]
[Site "Dubai UAE"]
[Date "2014.06.19"]
[Round "4.6"]
[White "Le Quang Liem"]
[Black "Meier, Geo"]
[Result "1-0"]
[WhiteElo "2712"]
[BlackElo "2632"]
[EventDate "2014.06.19"]

1. d4 d5 2. c4 e6 3. Nc3 Nf6 4. cxd5 exd5 5. Bg5 c6 6. Qc2 Nbd7 7. e3 Be7 
8. Bd3 h6 9. Bh4 Nh5 10. Bxe7 Qxe7 11. O-O-O Nb6 12. Kb1 Nf6 13. h3 Be6 
14. Nf3 O-O-O 15. Ne5 Nfd7 16. f4 Nxe5 17. dxe5 Kb8 18. Rhe1 h5 19. Qf2 h4
20. Bc2 Ka8 21. e4 dxe4 22. Nxe4 Bf5 23. Nd6 Bxc2+ 24. Qxc2 Nd5 25. Qf5 f6
26. a3 fxe5 27. fxe5 Rhf8 28. Qc2 Rf4 29. Ka1 a6 30. Nf5 Qf8 31. Nd4 Rf2 
32. Qc1 Qe7 33. e6 g5 34. Nxc6 bxc6 35. Qxc6+ Qb7 36. e7 1-0

[Event "FIDE World Blitz 2014"]
[Site "Dubai UAE"]
[Date "2014.06.19"]
[Round "7.28"]
[White "Moiseenko, A1"]
[Black "Nguyen Ngoc Truong Son"]
[Result "1/2-1/2"]
[WhiteElo "2707"]
[BlackElo "2621"]
[EventDate "2014.06.19"]

1. d4 d5 2. c4 c6 3. Nc3 Nf6 4. Nf3 e6 5. Bg5 Nbd7 6. e3 Qa5 7. cxd5 exd5 
8. Bd3 Ne4 9. O-O Nxg5 10. Nxg5 Nf6 11. f4 Bg4 12. Qc2 h6 13. Nf3 Bxf3 14.
 Rxf3 Bb4 15. Ne2 O-O 16. Ng3 Rfe8 17. Nf5 Bf8 18. Rh3 Re6 19. g4 Nxg4 20.
 Qg2 Kh8 21. Rg3 Nxe3 22. Rxe3 Rxe3 23. Nxe3 Re8 24. Nc2 Bd6 25. f5 Qd8 
26. Kh1 Qf6 27. Rg1 Bc7 28. Qg4 a5 29. a3 a4 30. Re1 Rxe1+ 31. Nxe1 b6 32.
 Nf3 Kg8 33. Qg1 Qe7 34. Qe1 Qxe1+ 35. Nxe1 Bf4 36. Ba6 Be3 37. Bb7 Bxd4 
38. Nd3 c5 39. Bxd5 b5 40. Bc6 c4 41. Ne1 Bxb2 42. Bxb5 Bxa3 43. Bxa4 Kf8 
44. Kg2 Bd6 45. h3 Ke7 46. Kf3 Kf6 47. Bc2 Bb4 48. Ng2 Bd2 49. Nf4 Bxf4 
50. Kxf4 g6 51. fxg6 fxg6 52. Ke4 g5 53. Kd4 h5 54. Bd1 g4 55. Bxg4 hxg4 
56. hxg4 1/2-1/2

[Event "FIDE World Blitz 2014"]
[Site "Dubai UAE"]
[Date "2014.06.19"]
[Round "9.28"]
[White "Korobov, A"]
[Black "Ipatov, Alexander"]
[Result "1-0"]
[WhiteElo "2680"]
[BlackElo "2613"]
[EventDate "2014.06.19"]

1. d4 d5 2. c4 e6 3. Nc3 Nf6 4. cxd5 exd5 5. Bg5 Be7 6. e3 c6 7. Qc2 Nbd7 
8. Bd3 Nf8 9. Nf3 Ne6 10. Bh4 g6 11. h3 Nh5 12. Bxe7 Qxe7 13. O-O-O Bd7 
14. Kb1 Nhg7 15. Ne5 f6 16. Bxg6+ hxg6 17. Nxg6 Nxd4 18. exd4 Bf5 19. Nxe7
Bxc2+ 20. Kxc2 Kxe7 21. Rde1+ Kf7 22. g3 Nf5 23. Kd3 Rae8 24. h4 Reg8 25. 
Ne2 Rg4 26. f3 Rg7 27. Rhg1 Rhg8 28. h5 Re8 29. g4 Nh4 30. Rgf1 Ng2 31. 
Rc1 f5 32. Rf2 Ne3 33. b3 Kf6 34. Rg1 fxg4 35. fxg4+ Kg5 36. Rf3 Rge7 37. 
Rfg3 a5 38. Nc1 b6 39. Kd2 c5 40. Nd3 cxd4 41. h6 1-0